[Event "Pinneberg-ch"]
[Site "Pinneberg"]
[Date "2015.09.10"]
[Round "3"]
[White "Buschhaus, Ralf"]
[Black "Sausmikat, Michael"]
[Result "1/2-1/2"]
[WhiteElo "1354"]
[BlackElo "1579"]
[PlyCount "87"]
[EventDate "2015.08.28"]
[EventType "swiss"]
[EventRounds "7"]
[EventCountry "GER"]
[SourceTitle "EXT 2017"]
[Source "ChessBase"]
[SourceDate "2016.10.25"]
[SourceVersion "1"]
[SourceVersionDate "2016.10.25"]
[SourceQuality "1"]

1. d4 d5 2. Nf3 c6 3. e3 Nf6 4. Bd3 e6 5. Nbd2 Bb4 6. c3 Ba5 7. 0-0 0-0 8. Qe2 Nbd7 9. e4 dxe4 10. Nxe4 h6 11. Bf4 Bc7 12. Ne5 Nxe5 13. Nxf6+ Qxf6 14. Bxe5 Bxe5 15. dxe5 Qf4 16. Qe4 Qxe4 17. Bxe4 Bd7 18. Rad1 Rfd8 19. c4 Kf8 20. c5 Ke7 21. f4 f5 22. Bf3 Be8 23. Rxd8 Rxd8 24. Rd1 Rxd1+ 25. Bxd1 b6 26. b4 Kd7 27. cxb6 axb6 28. g4 fxg4 29. Bxg4 Bg6 30. Bd1 Be4 31. Kf2 c5 32. bxc5 bxc5 33. Bb3 Bf5 34. h4 Kc6 35. Bc4 Kb6 36. Ke3 Ka5 37. Kd2 Kb4 38. Bd3 Bg4 39. Kc2 Bh5 40. a3+ Ka5 41. Kc3 Be8 42. Bc4 Bd7 43. Bb3 Kb6 44. Bc4 1/2-1/2

[Event "Pinneberg-ch"]
[Site "Pinneberg"]
[Date "2012.08.30"]
[Round "3"]
[White "Bremer, Wolfgang"]
[Black "Buschhaus, Ralf"]
[Result "1-0"]
[WhiteElo "1405"]
[BlackElo "1204"]
[PlyCount "87"]
[EventDate "2012.08.16"]
[EventType "swiss"]
[EventRounds "7"]
[EventCountry "GER"]
[SourceTitle "EXT 2013"]
[Source "ChessBase"]
[SourceDate "2012.11.22"]
[SourceVersion "1"]
[SourceVersionDate "2012.11.22"]
[SourceQuality "1"]

1. d4 e6 2. c4 d5 3. Nc3 Bb4 4. cxd5 exd5 5. Qb3 a5 6. a3 Be7 7. Qxd5 Nf6 8. Qxd8+ Kxd8 9. e3 Bf5 10. Nf3 Nc6 11. Bc4 Be6 12. Bxe6 fxe6 13. 0-0 Nd5 14. e4 Nb6 15. d5 exd5 16. exd5 Nc8 17. dxc6 bxc6 18. Bg5 Rb8 19. Rad1+ Nd6 20. Bxe7+ Kxe7 21. Rfe1+ Kf6 22. Nd4 Rhe8 23. Rxe8 Nxe8 24. Nxc6 Rxb2 25. Nxa5 Nd6 26. Nd5+ Kf5 27. Ne3+ Ke6 28. Nac4 Ra2 29. f3 g6 30. Rd2 Rxd2 31. Nxd2 c5 32. Kf2 Ke5 33. Nec4+ Nxc4 34. Nxc4+ Kd4 35. Nd2 c4 36. Nxc4 Kxc4 37. Ke3 Kb3 38. Ke4 Kxa3 39. Ke5 Kb3 40. h4 h6 41. g4 Kc3 42. f4 Kd3 43. h5 gxh5 44. gxh5 1-0